Rehabilitation and improvment of electrical distribution system at Ha Tinh town project: Environmental impact assessment (Final report) Environmental impact assessment (Final report)

Uloženo v:
Podrobná bibliografie
Korporativní autor: Electricity of Vietnam. Power company no.1
Médium: Kniha
Jazyk:Undetermined
Vydáno: Washington D.C. The World Bank 2003
Témata:
Tagy: Přidat tag
Žádné tagy, Buďte první, kdo otaguje tento záznam!
Thư viện lưu trữ: Trung tâm Học liệu Trường Đại học Cần Thơ
LEADER 00751nam a2200205Ia 4500
001 CTU_62271
008 210402s9999 xx 000 0 und d
082 |a 363.61 
082 |b W927rht 
110 |a Electricity of Vietnam. Power company no.1 
245 0 |a Rehabilitation and improvment of electrical distribution system at Ha Tinh town project: Environmental impact assessment (Final report) 
245 0 |b Environmental impact assessment (Final report) 
245 0 |c Electricity of Vietnam. Power company no.1 
260 |a Washington D.C. 
260 |b The World Bank 
260 |c 2003 
650 |a electric power distribution 
650 |x environmental aspects 
904 |i Minh 
980 |a Trung tâm Học liệu Trường Đại học Cần Thơ